• 首页
  • 本馆介绍
  • 公告通知
  • 最新文献
  • 馆藏检索
  • 电子资源
  • 读者导购
  • 参考咨询
  • 我的图书馆
  • 登录
  • 详细信息显示
  • 放入我的书架
  • 预约/预借图书
  • 作者相关作品
  • 分类相关作品
  • 丛书相关作品
  • 出版社相关作品

书目信息

  • 表格格式
  • 工作单格式
  • 卡片格式
题名:
城市文化读本
    
 
作者: 汪民安 , 陈永国 , 马海良 主编
分册:  
出版信息: 北京   北京大学出版社  2008.01
页数: 428页
开本: 24cm
丛书名: 培文读本丛书
单 册:
中图分类: G07
科图分类:
主题词: 城市文化--教材 , 城市文化
电子资源:
ISBN: 978-7-301-12651-6
000 00954oam2 2200301 450
001 010010009633
005 20091208154007.28
010    @a978-7-301-12651-6@dCNY48.00
100    @a20080130d2008 em y0chiy0110 ea
101 0  @achi
102    @aCN@b110000
105    @aa z 000yy
106    @ar
200 1  @a城市文化读本@9cheng shi wen hua du ben@f汪民安,陈永国,马海良主编
210    @a北京@c北京大学出版社@d2008.01
215    @a428页@c图@d24cm
225 2  @a培文读本丛书
330    @a本书分为四部分,内容包括:城市研究:理论和方法、城市经验与日常生活、城市的文化政治、城市规划与建筑。
461  0 @12001 @a培文读本丛书
510 1  @aCity culture studies: a reader@zeng
606 0  @a城市文化@j教材
606 0  @a城市文化
690    @aG07@v4
701  0 @a汪民安@9wang min an@4主编
701  0 @a陈永国@9chen yong guo@4主编
701  0 @a马海良@9ma hai liang@4主编
801  0 @aCN@bRENTIAN@c20091208
905    @b20795262-67@dG07@e79@f6
    
    城市文化读本/汪民安,陈永国,马海良主编.-北京:北京大学出版社,2008.01
    428页:图;24cm.-(培文读本丛书)
    
    
    ISBN 978-7-301-12651-6:CNY48.00
    本书分为四部分,内容包括:城市研究:理论和方法、城市经验与日常生活、城市的文化政治、城市规划与建筑。
●
相关链接 在E读中查询图书 在五车中查询图书 在当当中查询图书 在豆瓣中查询图书


正题名:城市文化读本     索取号:G07/79         预约/预借

序号 登录号 条形码 馆藏地/架位号 状态 备注
1 795262   207952624   第一样本阅览室/ [索取号:G07/79] 在馆    
2 795263   207952633   第四借阅区/ [索取号:G07/79] 在馆    
3 795264   207952642   第四借阅区/ [索取号:G07/79] 在馆    
4 795265   207952651   第四借阅区/ [索取号:G07/79] 在馆    
5 795266   207952660   第四借阅区/ [索取号:G07/79] 在馆    
6 795267   207952679   资源管理系资料室/ [索取号:G07/79] 在馆    
唐山师范学院图书馆 欢迎您!
大连网信软件有限公司© 版权所有